Carlos Sainz Jr. Full Name - Statistics

General Stats
  • This quiz has been taken 61 times
  • The average score is 7 of 16
Answer Stats
Answer % Correct
Sainz
100%
Carlos
98%
Vásquez
71%
de
67%
Castro
64%
Rincón
42%
Birto
38%
Rebollo
38%
Cenamor
36%
de
36%
Moreno
36%
Aranda
31%
Deltún
18%
de
16%
Tiapera
9%
Anteruriaga
4%
No matching quizzes found
Score Distribution
Percent of People with Each Score
Percentile by Number Answered
Your Score History
You have not taken this quiz